[Event "European Rapid 2015"]
[Site "Minsk BLR"]
[Date "2015.12.19"]
[Round "3.37"]
[White "Tukhaev, Adam"]
[Black "Kochetkov, Vitali"]
[Result "1-0"]
[WhiteTitle "GM"]
[WhiteElo "2564"]
[BlackElo "2266"]
[WhiteFideId "14109476"]
[BlackFideId "13502735"]
[EventDate "2015.12.19"]

1. e4 c5 2. Nf3 Nc6 3. d4 cxd4 4. Nxd4 g6 5. c4 Bg7 6. Be3 Nf6 7. Nc3 O-O 8. Be2
d6 9. O-O h5 10. h3 Bd7 11. Qd2 a6 12. Rfe1 Rc8 13. Nxc6 Bxc6 14. Bd3 Nd7 15.
Rac1 Ne5 16. Be2 Qe8 17. b4 b5 18. cxb5 axb5 19. Bd4 Bd7 20. Nd5 Rxc1 21. Rxc1
e6 22. Nc3 Kh7 23. f4 Bh6 24. Be3 Nc4 25. Bxc4 bxc4 26. Qxd6 e5 27. Nd5 f5 28.
Rxc4 exf4 29. Bd4 Bg5 30. Bf6 Bh6 31. Be7 Bb5 32. Rc7 Kh8 33. Bf6+ 1-0

[Event "European Rapid 2015"]
[Site "Minsk BLR"]
[Date "2015.12.19"]
[Round "3.38"]
[White "Genutis, Mindaugas"]
[Black "Aleksandrov, Aleksej"]
[Result "0-1"]
[WhiteTitle "FM"]
[BlackTitle "GM"]
[WhiteElo "2300"]
[BlackElo "2615"]
[WhiteFideId "1407058"]
[BlackFideId "13500139"]
[EventDate "2015.12.19"]

1. d4 Nf6 2. c4 e6 3. g3 d5 4. Nf3 dxc4 5. Bg2 a6 6. Ne5 Bb4+ 7. Nc3 Nd5 8. Bd2
b5 9. a4 Bb7 10. O-O Nxc3 11. bxc3 Bxg2 12. Kxg2 Bd6 13. f4 Bxe5 14. fxe5 Qd5+
15. Rf3 Nd7 16. Qb1 O-O 17. e4 Qb7 18. Bc1 c5 19. Ba3 Rab8 20. axb5 axb5 21.
dxc5 Rfc8 22. c6 Qxc6 23. Bd6 Ra8 24. Rxa8 Rxa8 25. Rf2 f6 0-1

[Event "European Rapid 2015"]
[Site "Minsk BLR"]
[Date "2015.12.19"]
[Round "3.39"]
[White "Rakhmanov, Aleksandr"]
[Black "Balint, Vilmos"]
[Result "1-0"]
[WhiteTitle "GM"]
[WhiteElo "2640"]
[BlackElo "2268"]
[WhiteFideId "4173708"]
[BlackFideId "718050"]
[EventDate "2015.12.19"]

1. c4 Nf6 2. Nc3 c5 3. Nf3 Nc6 4. g3 g6 5. Bg2 Bg7 6. d4 cxd4 7. Nxd4 O-O 8. O-O
d6 9. Nc2 Be6 10. b3 Rc8 11. Bb2 a6 12. Nd5 Ne8 13. Bxg7 Nxg7 14. Qd2 Bxd5 15.
cxd5 Ne5 16. Bh3 Rc5 17. Rfc1 f5 18. Ne3 Rxc1+ 19. Rxc1 Qd7 20. Qc2 Rd8 21. Qc7
Ne8 22. Qxd7 Rxd7 23. Rc8 Kf7 24. f4 Ng4 25. Nxg4 fxg4 26. Bxg4 Rc7 27. Be6+ Kf8
28. Rd8 Rc2 29. Kf2 Rxa2 30. Bd7 Rb2 31. Rxe8+ Kf7 32. Ra8 Rxb3 33. g4 g5 34.
fxg5 1-0

[Event "European Rapid 2015"]
[Site "Minsk BLR"]
[Date "2015.12.19"]
[Round "3.40"]
[White "Tymoshenko, Ihor"]
[Black "Pavlov, Sergey2"]
[Result "0-1"]
[WhiteTitle "FM"]
[BlackTitle "IM"]
[WhiteElo "2306"]
[BlackElo "2454"]
[WhiteFideId "14105519"]
[BlackFideId "14114330"]
[EventDate "2015.12.19"]

1. d4 Nf6 2. c4 e6 3. g3 d5 4. Bg2 Bb4+ 5. Nd2 O-O 6. Nf3 dxc4 7. Qc2 a6 8. Qxc4
Qe7 9. O-O b5 10. Qc2 Bb7 11. e4 c5 12. e5 Nd5 13. Ne4 cxd4 14. a3 Ba5 15. Nfg5
g6 16. Nd6 Nc6 17. Bf4 Rad8 18. Nge4 d3 19. Qxd3 Ba8 20. Rad1 Nxf4 21. gxf4 Qh4
22. Qg3 Qxg3 23. hxg3 Bb6 24. Rd2 Kg7 25. b4 Nd4 26. Rfd1 Nf5 27. Rc1 Bxe4 28.
Bxe4 Nxg3 29. Bb7 Nh5 30. Rc6 Ba7 31. Rxa6 Bb8 32. Rd4 f6 33. Nxb5 Rxd4 34. Nxd4
Nxf4 35. Nxe6+ Nxe6 36. Rxe6 fxe5 0-1

[Event "European Rapid 2015"]
[Site "Minsk BLR"]
[Date "2015.12.19"]
[Round "3.42"]
[White "Vlassow, Valentin"]
[Black "Vorontsov, Pavlo"]
[Result "1/2-1/2"]
[WhiteTitle "FM"]
[BlackTitle "IM"]
[WhiteElo "2262"]
[BlackElo "2395"]
[WhiteFideId "4164008"]
[BlackFideId "14116367"]
[EventDate "2015.12.19"]

1. d4 Nf6 2. Bg5 d5 3. Bxf6 exf6 4. e3 Bd6 5. c4 dxc4 6. Bxc4 O-O 7. Nf3 Nd7 8.
Nc3 c6 9. O-O Qe7 10. Bd3 g6 11. e4 Bc7 12. Re1 Nb6 13. h3 Rd8 14. Rc1 Bf4 15.
Rc2 Be6 16. Qe2 a5 17. g3 Bh6 18. Kg2 Qd7 19. Rh1 a4 20. d5 cxd5 21. Bb5 Qe7 22.
Nd4 dxe4 23. Nxe6 Qxe6 24. Qxe4 Qxe4+ 25. Nxe4 f5 26. Nf6+ Kg7 27. Ne8+ Rxe8 28.
Bxe8 Rxe8 29. Rd1 f4 30. Rd6 Nc8 31. Rd7 Re7 32. Rxe7 Nxe7 33. Rc7 Nd5 34. Rxb7
fxg3 35. fxg3 Bc1 36. Kf3 h5 37. Rb5 Ne7 38. Rb4 Nf5 39. g4 hxg4+ 40. hxg4 Nh4+
41. Ke2 f5 42. gxf5 Nxf5 43. Kd1 Be3 44. Rxa4 g5 45. Ke2 Bf4 46. Rxf4 gxf4 47.
Kf3 Kf6 48. Kxf4 Nd6 1/2-1/2

[Event "European Rapid 2015"]
[Site "Minsk BLR"]
[Date "2015.12.19"]
[Round "3.43"]
[White "Sudakova, Irina"]
[Black "Bortnyk, Mykola"]
[Result "0-1"]
[WhiteTitle "WGM"]
[BlackTitle "IM"]
[WhiteElo "2356"]
[BlackElo "2416"]
[WhiteFideId "4129903"]
[BlackFideId "14120836"]
[EventDate "2015.12.19"]

1. e4 Nf6 2. e5 Nd5 3. d4 d6 4. f4 dxe5 5. fxe5 Nc6 6. Nf3 Bg4 7. Be2 e6 8. O-O
Be7 9. c4 Nb6 10. Be3 Qd7 11. Nbd2 O-O-O 12. a4 a5 13. c5 Nd5 14. Bf2 f6 15. Bb5
Ndb4 16. Nc4 Bxf3 17. Qxf3 Qd5 18. Rad1 Qxf3 19. gxf3 Rd5 20. Rfe1 f5 21. Ne3
Rxd4 22. Nxf5 exf5 23. Rxd4 Nxd4 24. Bxd4 Nc2 25. Bc3 Bxc5+ 26. Kf1 Nxe1 27.
Bxe1 Bd4 28. e6 Bxb2 29. Bd7+ Kd8 30. Bxa5 Be5 31. h3 Ke7 32. Bb4+ Bd6 33. Bc3
Rg8 34. Ke2 g5 35. Be1 Rg6 36. Bd2 h6 0-1

[Event "European Rapid 2015"]
[Site "Minsk BLR"]
[Date "2015.12.19"]
[Round "3.44"]
[White "Razin, Vadim"]
[Black "Tokranovs, Dmitrijs"]
[Result "0-1"]
[WhiteElo "2345"]
[BlackElo "2179"]
[WhiteFideId "14119463"]
[BlackFideId "11603011"]
[EventDate "2015.12.19"]

1. d4 d5 2. Nf3 c6 3. c4 Nf6 4. Nc3 e6 5. Bg5 dxc4 6. g3 c5 7. d5 Be7 8. Bxf6
Bxf6 9. Qa4+ Bd7 10. Qxc4 exd5 11. Qxc5 Bc6 12. Qe3+ Qe7 13. Nd4 Qxe3 14. fxe3
Nd7 15. Bg2 Nb6 16. b3 O-O 17. Kf2 Rfe8 18. Rhd1 Rac8 19. Rac1 Bg5 20. Rd3 Bd7
21. h4 Bh6 22. Rc2 Re5 23. Nd1 Rxc2 24. Nxc2 Bf5 25. Rc3 Bxc2 26. Rxc2 Kf8 27.
a4 Ke8 28. a5 Nd7 29. Rc8+ Ke7 30. Rc7 b6 31. a6 Kd6 32. Rxa7 Nc5 0-1

[Event "European Rapid 2015"]
[Site "Minsk BLR"]
[Date "2015.12.19"]
[Round "3.45"]
[White "Teterev, Vitaly"]
[Black "Cherenkov, Andrey"]
[Result "1/2-1/2"]
[WhiteTitle "GM"]
[BlackTitle "FM"]
[WhiteElo "2494"]
[BlackElo "2225"]
[WhiteFideId "13501429"]
[BlackFideId "4185315"]
[EventDate "2015.12.19"]

1. Nf3 d5 2. g3 Nd7 3. d4 e6 4. Bg2 Bd6 5. c4 c6 6. Qc2 f5 7. cxd5 cxd5 8. Nc3
Ngf6 9. O-O O-O 10. Nb5 Bb8 11. Bf4 Bxf4 12. gxf4 Nb6 13. Nc7 Rb8 14. Ng5 Qd6
15. Qc5 Rd8 16. Qxd6 Rxd6 17. Nb5 Rc6 18. Rfc1 Bd7 19. Rxc6 Bxc6 20. Nc3 Bd7 21.
Rc1 Rc8 22. e3 Na4 23. Rb1 Nxc3 24. bxc3 h6 25. Nh3 b5 26. Bf1 a6 27. f3 Rxc3
28. Nf2 Rxe3 29. Nd3 Rxf3 30. Re1 Ng4 31. Kg2 Re3 32. Rc1 Re4 33. Nc5 Rxd4 34.
Nxd7 Rxf4 35. Kg3 g5 36. Be2 Nf2 37. Bf3 Ng4 38. Rc7 h5 39. h3 h4+ 40. Kg2 Ne3+
41. Kf2 Nc4 42. Nf6+ Kf8 43. Rd7 Rxf3+ 44. Kg2 Rg3+ 45. Kh2 Ne5 46. Nh7+ Ke8 47.
Nf6+ Kf8 1/2-1/2

[Event "European Rapid 2015"]
[Site "Minsk BLR"]
[Date "2015.12.19"]
[Round "3.46"]
[White "Terletsky, Oleg"]
[Black "Grishchenko, Sergey1"]
[Result "0-1"]
[WhiteTitle "FM"]
[BlackTitle "IM"]
[WhiteElo "2145"]
[BlackElo "2442"]
[WhiteFideId "14116774"]
[BlackFideId "4136730"]
[EventDate "2015.12.19"]

1. e4 c6 2. d4 d5 3. Nc3 dxe4 4. Nxe4 Nf6 5. Nxf6+ gxf6 6. c3 Bf5 7. Nf3 Nd7 8.
g3 Qa5 9. Bg2 Qa6 10. Bf1 Qa5 11. Bg2 Qa6 12. Bf1 Qb6 13. Bg2 Qb5 14. a4 Qc4 15.
Be3 O-O-O 16. Rc1 Nc5 17. Bf1 Qe6 18. c4 Qe4 19. Be2 Nd3+ 20. Bxd3 Qxd3 21. Qxd3
Bxd3 22. Nh4 e5 23. dxe5 Bb4+ 24. Bd2 Bxd2+ 25. Kxd2 Be4+ 26. Ke3 Bxh1 27. Rxh1
fxe5 28. Nf5 b6 29. a5 Rd7 30. axb6 axb6 31. c5 bxc5 32. Rc1 Kc7 33. Rxc5 f6 34.
b4 Kb6 35. h4 Ra8 36. Rc3 Ra4 0-1

[Event "European Rapid 2015"]
[Site "Minsk BLR"]
[Date "2015.12.19"]
[Round "3.48"]
[White "Smolin, Sergey1"]
[Black "Sivuk, Vitaly"]
[Result "0-1"]
[WhiteTitle "IM"]
[BlackTitle "GM"]
[WhiteElo "2260"]
[BlackElo "2552"]
[WhiteFideId "4131177"]
[BlackFideId "14116502"]
[EventDate "2015.12.19"]

1. e4 g6 2. Nc3 Bg7 3. f4 c5 4. Nf3 Nc6 5. Bc4 e6 6. f5 Nge7 7. fxe6 fxe6 8. d3
O-O 9. O-O d5 10. Bb3 Na5 11. Qe1 c4 12. Bg5 cxb3 13. Qh4 Nac6 14. axb3 d4 15.
Ne2 e5 16. Rf2 Be6 17. Raf1 Qd7 18. Bh6 Rae8 19. Ng5 Rxf2 20. Rxf2 Bxh6 21. Qxh6
Nc8 22. Nxe6 Qxe6 23. Ng3 Nd8 24. Qh4 Nf7 25. h3 Ncd6 26. Nf1 Qe7 27. Qg3 Qg5
28. Qf3 Kg7 29. Nh2 h5 30. g3 Re6 31. h4 Qe7 32. Qe2 Rf6 33. Nf3 Nh6 34. Ng5
Ndf7 35. Qd2 Rxf2 36. Kxf2 Nxg5 37. hxg5 Nf7 0-1

[Event "European Rapid 2015"]
[Site "Minsk BLR"]
[Date "2015.12.19"]
[Round "3.49"]
[White "Kulaots, Kaido"]
[Black "Chekhova-Kostina, Tatiana M"]
[Result "1/2-1/2"]
[WhiteTitle "GM"]
[BlackTitle "WIM"]
[WhiteElo "2574"]
[BlackElo "2246"]
[WhiteFideId "4500261"]
[BlackFideId "4106377"]
[EventDate "2015.12.19"]

1. e4 Nf6 2. e5 Nd5 3. d4 d6 4. c4 Nb6 5. exd6 cxd6 6. Nc3 g6 7. Be3 Bg7 8. Rc1
O-O 9. b3 e5 10. dxe5 dxe5 11. Qxd8 Rxd8 12. c5 N6d7 13. Nf3 Nc6 14. Bc4 h6 15.
O-O Nf8 16. Nb5 Be6 17. Nd6 Bxc4 18. Rxc4 Rd7 19. b4 Ne6 20. Re1 f5 21. b5 Ne7
22. Bxh6 Bxh6 23. Nxe5 Rc7 24. Nxg6 Nxg6 25. Rxe6 Kh7 26. Nxf5 Rd8 27. g3 Bf8
28. Rg4 Rxc5 29. Ne3 Ne7 30. Rf4 Kg8 31. a4 Nd5 32. Nxd5 Rdxd5 33. h4 Rf5 34.
Rxf5 Rxf5 35. Kg2 Kf7 36. Re4 Bc5 37. f4 Rd5 38. g4 Rd2+ 39. Kf3 Rd3+ 40. Kg2
Rd2+ 41. Kf3 Rd3+ 42. Kg2 Rd2+ 1/2-1/2

[Event "European Rapid 2015"]
[Site "Minsk BLR"]
[Date "2015.12.19"]
[Round "4.6"]
[White "Grishchenko, Sergey1"]
[Black "Savchenko, Boris"]
[Result "0-1"]
[WhiteTitle "IM"]
[BlackTitle "GM"]
[WhiteElo "2442"]
[BlackElo "2612"]
[WhiteFideId "4136730"]
[BlackFideId "4147332"]
[EventDate "2015.12.19"]

1. d4 e6 2. c4 Nf6 3. Nc3 d5 4. cxd5 exd5 5. Bg5 c6 6. Qc2 Bd6 7. e3 Be6 8. Bd3
Nbd7 9. Nge2 Qc7 10. Rc1 O-O 11. Bf4 Rfc8 12. O-O a6 13. Na4 Bg4 14. f3 Bh5 15.
Bxd6 Qxd6 16. Ng3 Bg6 17. Nf5 Qe6 18. Rfe1 b6 19. g4 c5 20. b3 h5 21. h3 c4 22.
bxc4 dxc4 23. Bxc4 Bxf5 24. gxf5 Qd6 25. Qh2 Qxh2+ 26. Kxh2 b5 27. Bb3 bxa4 28.
Bxa4 Nb6 29. Bc6 Ra7 30. Rc5 Rac7 31. Rec1 Nfd5 32. e4 Nb4 33. d5 Nd3 34. d6 Ra7
35. Rb1 Nxc5 36. Rxb6 f6 37. f4 Rxc6 38. Rxc6 Nxe4 39. Rc7 Rxc7 40. dxc7 Nd6 41.
Kg3 Nxf5+ 42. Kf3 Nd6 43. Ke3 Kf7 44. Kd4 Nb5+ 45. Kc5 Nxc7 46. Kb6 Nd5+ 47.
Kxa6 Nb4+ 0-1

[Event "European Rapid 2015"]
[Site "Minsk BLR"]
[Date "2015.12.19"]
[Round "4.7"]
[White "Mamedov, Rauf"]
[Black "Sychev, Klementy"]
[Result "1-0"]
[WhiteTitle "GM"]
[BlackTitle "IM"]
[WhiteElo "2650"]
[BlackElo "2415"]
[WhiteFideId "13401653"]
[BlackFideId "4114060"]
[EventDate "2015.12.19"]

1. e4 e5 2. Nf3 Nc6 3. Bb5 Nf6 4. Qe2 Be7 5. O-O d6 6. c3 O-O 7. Rd1 Re8 8. d3
Bf8 9. Nbd2 Bd7 10. a3 g6 11. Bc4 Bg7 12. Nf1 Be6 13. Bxe6 Rxe6 14. Bg5 Qd7 15.
Ne3 Rf8 16. Nd5 Nh5 17. Nh4 h6 18. Be3 Ne7 19. c4 Nc6 20. Nf5 gxf5 21. exf5 Nf4
22. Bxf4 exf4 23. fxe6 fxe6 24. Nc3 Nd4 25. Qg4 Rf5 26. Kh1 Qf7 27. Ne4 Kh7 28.
Rac1 h5 29. Qh3 Qg6 30. Re1 f3 31. g3 Ne2 32. Rc2 Re5 33. Rcxe2 fxe2 34. f4 Rf5
35. Rxe2 e5 36. Rf2 exf4 37. gxf4 Qg4 38. Qxg4 hxg4 39. Kg2 Bd4 40. Re2 d5 41.
cxd5 Rxd5 42. Kg3 Rb5 43. b4 a5 44. Kxg4 axb4 45. axb4 Rxb4 46. Ng5+ Kg6 47.
Re6+ Kg7 48. Re7+ Kg6 49. h4 1-0

[Event "European Rapid 2015"]
[Site "Minsk BLR"]
[Date "2015.12.19"]
[Round "4.10"]
[White "Polivanov, Anatoliy"]
[Black "Bocharov, Dmitry"]
[Result "1/2-1/2"]
[WhiteTitle "IM"]
[BlackTitle "GM"]
[WhiteElo "2426"]
[BlackElo "2558"]
[WhiteFideId "14109468"]
[BlackFideId "4138716"]
[EventDate "2015.12.19"]

1. e4 d6 2. d4 Nf6 3. Nc3 g6 4. Bg5 h6 5. Bh4 Bg7 6. f4 c5 7. dxc5 Qa5 8. Qd2
Qxc5 9. O-O-O Nbd7 10. Nf3 O-O 11. Bd3 a6 12. Rde1 e5 13. f5 g5 14. Bf2 Qa5 15.
Be3 d5 16. Nxd5 Qxa2 17. Ne7+ Kh8 18. c3 Qa1+ 19. Bb1 Nxe4 20. Qc2 Nef6 21. h4
g4 22. Ng5 b5 23. Rd1 Bb7 24. Rxd7 Nxd7 25. f6 Nxf6 26. Rf1 Qa4 27. Qg6 fxg6 28.
Nxg6+ Kg8 29. Ne7+ Kh8 30. Ng6+ Kg8 1/2-1/2

[Event "European Rapid 2015"]
[Site "Minsk BLR"]
[Date "2015.12.19"]
[Round "4.11"]
[White "Zakhartsov, Vladimir"]
[Black "Roiz, Michael"]
[Result "0-1"]
[WhiteTitle "IM"]
[BlackTitle "GM"]
[WhiteElo "2462"]
[BlackElo "2594"]
[WhiteFideId "4145097"]
[BlackFideId "2804158"]
[EventDate "2015.12.19"]

1. e4 e5 2. Nf3 Nc6 3. Bb5 a6 4. Bxc6 dxc6 5. O-O Bd6 6. d4 exd4 7. Qxd4 f6 8.
Be3 Ne7 9. Nbd2 Be6 10. Qc3 Ng6 11. Nc4 Bxc4 12. Qxc4 Qe7 13. c3 O-O-O 14. Rfe1
Rhe8 15. Ba7 Ne5 16. Nxe5 Qxe5 17. g3 Qb5 18. Qxb5 cxb5 19. Bd4 c5 20. e5 cxd4
21. exd6 Rxe1+ 22. Rxe1 dxc3 23. Rc1 Rxd6 24. Rxc3+ Rc6 25. Rb3 Rc2 26. h4 h5
27. Kg2 Kd7 28. Kf3 Kd6 29. a3 Kc5 30. Rb4 a5 31. Rf4 Rxb2 32. Rf5+ Kc4 33. Rxh5
a4 34. Rh7 b4 35. Rxg7 bxa3 36. Rc7+ Kd5 37. Rc1 a2 38. Ra1 b5 39. h5 Ke6 40. h6
Kf7 0-1

[Event "European Rapid 2015"]
[Site "Minsk BLR"]
[Date "2015.12.19"]
[Round "4.12"]
[White "Kovalev, Vladislav"]
[Black "Malakhov, Igor"]
[Result "1-0"]
[WhiteTitle "GM"]
[BlackTitle "IM"]
[WhiteElo "2546"]
[BlackElo "2451"]
[WhiteFideId "13504398"]
[BlackFideId "4183088"]
[EventDate "2015.12.19"]

1. e4 c5 2. Nf3 Nc6 3. Nc3 g6 4. d4 cxd4 5. Nxd4 Bg7 6. Be3 Nf6 7. Bc4 O-O 8.
Bb3 d6 9. h3 Nxd4 10. Bxd4 b6 11. O-O Ba6 12. Re1 Rc8 13. Nd5 e6 14. Nxf6+ Bxf6
15. c3 Bxd4 16. Qxd4 Qc7 17. Rad1 Rfd8 18. Qf6 Bc4 19. Rd4 Bxb3 20. axb3 Rd7 21.
Red1 Qd8 22. Qf3 e5 23. Rd5 Rc5 24. R5d3 a5 25. R1d2 Kf8 26. Qd1 Ke7 27. Qg4 h5
28. Qg5+ Ke6 29. Qe3 Qf6 30. Qe2 Ke7 31. Rf3 Qe6 32. c4 a4 33. Rd5 Rdc7 34. Qe3
axb3 35. Qg5+ Kd7 36. Rxb3 Rxc4 37. Rxb6 Rxe4 38. Rdxd6+ Qxd6 39. Rxd6+ Kxd6 40.
Qf6+ Kc5 41. Qd8 Re1+ 42. Kh2 Kb6 43. Qd6+ Rc6 44. Qb4+ 1-0

[Event "European Rapid 2015"]
[Site "Minsk BLR"]
[Date "2015.12.19"]
[Round "4.13"]
[White "Petrosian, Tigran L."]
[Black "Kupreichik, Viktor D"]
[Result "1-0"]
[WhiteTitle "GM"]
[BlackTitle "GM"]
[WhiteElo "2625"]
[BlackElo "2386"]
[WhiteFideId "13301616"]
[BlackFideId "13500066"]
[EventDate "2015.12.19"]

1. Nf3 d5 2. g3 Nc6 3. Bg2 e5 4. O-O Nf6 5. a3 Bd6 6. d3 O-O 7. b4 e4 8. Nfd2
Re8 9. dxe4 dxe4 10. Nc4 Be5 11. Qxd8 Rxd8 12. Nxe5 Nxe5 13. Bb2 Re8 14. Rd1 Bg4
15. Bxe5 Rxe5 16. Nc3 Rae8 17. h3 Bf5 18. e3 h5 19. Rd2 a5 20. Rad1 axb4 21.
axb4 Kf8 22. Ra1 R5e6 23. Nb5 Rc6 24. Nd4 Rd6 25. c4 b6 26. Rc2 Bc8 27. c5 bxc5
28. Rxc5 Rb6 29. Ra7 c6 30. Rxc6 Rxc6 31. Nxc6 Bd7 32. b5 Bxc6 33. bxc6 Rc8 34.
Ra6 Ke7 35. Bf1 Kd6 36. Bb5 Nd5 37. Ra7 Rc7 38. Ra8 Nc3 39. Bc4 Kxc6 40. Ra3 Nd5
41. Ba2 Kd6 42. Ra6+ Rc6 43. Ra7 Rc1+ 44. Kg2 Ra1 45. Ra6+ Ke7 46. Ra7+ Kf6 47.
g4 hxg4 48. hxg4 Nb4 49. Rxf7+ Kg6 50. Be6 Ra5 51. Rb7 Nd3 52. Bf5+ Kg5 53.
Rxg7+ Kf6 54. Rg6+ Kf7 55. Bxe4 Ne5 56. Rg5 Kf6 57. Rf5+ Ke6 58. f4 Ra2+ 59. Kg3 1-0

[Event "European Rapid 2015"]
[Site "Minsk BLR"]
[Date "2015.12.19"]
[Round "4.14"]
[White "Motylev, Alexander"]
[Black "Ambartsumova, Karina"]
[Result "1/2-1/2"]
[WhiteTitle "GM"]
[BlackTitle "WGM"]
[WhiteElo "2653"]
[BlackElo "2267"]
[WhiteFideId "4121830"]
[BlackFideId "4166299"]
[EventDate "2015.12.19"]

1. e4 c5 2. Nf3 e6 3. d4 cxd4 4. Nxd4 a6 5. Bd3 Bc5 6. Nb3 Ba7 7. O-O Ne7 8. Qe2
d6 9. Be3 Bxe3 10. Qxe3 e5 11. c4 Be6 12. Nc3 Nd7 13. Rfd1 Qb6 14. Qxb6 Nxb6 15.
Na5 O-O-O 16. b4 Nc6 17. Nxc6 bxc6 18. Rac1 Bxc4 19. Bxc4 Nxc4 20. Na4 d5 21.
exd5 cxd5 22. Nb6+ Kb7 23. Nxd5 Nb6 24. Ne3 Rxd1+ 25. Rxd1 Kc7 26. g3 Rd8 27.
Rxd8 Kxd8 28. Kf1 Kd7 29. Ke2 h5 30. Kd3 Ke6 31. Kc3 g5 32. Kb3 f5 33. a4 f4 34.
Nd1 Kd5 35. a5 Nd7 36. Nc3+ Kd4 37. b5 Nc5+ 38. Kc2 axb5 39. Nxb5+ Ke4 40. Nd6+
Kf3 41. Nf7 Kxf2 42. gxf4 gxf4 43. Nxe5 Kg2 44. Ng6 f3 45. Nh4+ Kxh2 46. Nxf3+ 1/2-1/2

[Event "European Rapid 2015"]
[Site "Minsk BLR"]
[Date "2015.12.19"]
[Round "4.15"]
[White "Milov, Vadim"]
[Black "Mirzoev, Emil"]
[Result "0-1"]
[WhiteTitle "GM"]
[WhiteElo "2615"]
[BlackElo "2424"]
[WhiteFideId "1304364"]
[BlackFideId "14108640"]
[EventDate "2015.12.19"]

1. d4 Nf6 2. c4 d6 3. Nc3 Bf5 4. g3 e5 5. Bg2 c6 6. Nf3 Nbd7 7. O-O h6 8. Nh4
Bh7 9. e4 Be7 10. Be3 O-O 11. Nf5 Bxf5 12. exf5 exd4 13. Bxd4 Qb8 14. h4 Ne5 15.
b3 Bd8 16. Na4 Re8 17. Qc2 d5 18. Rfe1 Ba5 19. Re3 dxc4 20. bxc4 Qd6 21. Rd1
Rad8 22. Nb2 Qb8 23. Ra3 Bb6 24. c5 Bc7 25. Re3 Neg4 26. Rxe8+ Rxe8 27. Nc4 Bxg3
28. fxg3 Qxg3 29. Qc3 Qh2+ 30. Kf1 Ne4 31. Bxe4 Rxe4 32. Nd2 Qe2+ 0-1

[Event "European Rapid 2015"]
[Site "Minsk BLR"]
[Date "2015.12.19"]
[Round "4.16"]
[White "Girya, Olga"]
[Black "Stupak, Kirill"]
[Result "0-1"]
[WhiteTitle "WGM"]
[BlackTitle "GM"]
[WhiteElo "2456"]
[BlackElo "2542"]
[WhiteFideId "4195752"]
[BlackFideId "13503758"]
[EventDate "2015.12.19"]

1. d4 g6 2. c4 Bg7 3. Nc3 d6 4. Nf3 e5 5. dxe5 dxe5 6. Qxd8+ Kxd8 7. Bd2 c6 8.
O-O-O Kc7 9. Ne4 Be6 10. Neg5 Bxc4 11. b3 h6 12. bxc4 hxg5 13. Nxg5 Nh6 14. f3
Na6 15. e4 Nc5 16. Be3 Bf8 17. h4 Re8 18. g4 f6 19. Nh3 Nf7 20. Nf2 Ne6 21. Nd3
Bh6 22. Bxh6 Rxh6 23. Rd2 Nd4 24. f4 exf4 25. Nxf4 Nf3 26. Rf2 Rxh4 27. Rxh4
Nxh4 28. Bd3 Ne5 29. Be2 Nd7 30. Bd3 Nc5 31. Kc2 Rd8 32. e5 g5 33. exf6 gxf4 34.
Rh2 Nf3 35. Rh7+ Kb6 36. Bg6 Ne5 0-1

[Event "European Rapid 2015"]
[Site "Minsk BLR"]
[Date "2015.12.19"]
[Round "4.17"]
[White "Fargere, Francois"]
[Black "Zvjaginsev, Vadim"]
[Result "1/2-1/2"]
[WhiteTitle "GM"]
[BlackTitle "GM"]
[WhiteElo "2424"]
[BlackElo "2662"]
[WhiteFideId "615935"]
[BlackFideId "4113403"]
[EventDate "2015.12.19"]

1. Nf3 Nf6 2. g3 b6 3. Bg2 Bb7 4. O-O g6 5. c4 Bg7 6. b3 Ne4 7. d4 O-O 8. Bb2
Qc8 9. Nbd2 d6 10. Qc2 Nxd2 11. Qxd2 e6 12. Rac1 Nd7 13. Rfe1 f5 14. b4 Be4 15.
c5 Qd8 16. Nh4 Bf6 17. Bxe4 fxe4 18. Ng2 Bg5 19. e3 d5 20. Qe2 Rf7 21. Rf1 Qf6
22. Ne1 Raf8 23. f4 exf3 24. Nxf3 Qf5 25. Nxg5 Qxg5 26. Rxf7 Rxf7 27. e4 Nf6 28.
exd5 exd5 29. cxb6 cxb6 30. Rc8+ Kg7 31. Qe5 Qg4 32. Rc7 Qd1+ 33. Kg2 Qd2+ 34.
Kh3 Qxb2 35. Rxf7+ Kxf7 36. Qc7+ Kf8 37. Qd6+ Kf7 38. Qc7+ Ke6 39. Qe5+ Kf7 40.
Qc7+ Kf8 41. Qd6+ Kf7 42. Qc7+ 1/2-1/2

[Event "European Rapid 2015"]
[Site "Minsk BLR"]
[Date "2015.12.19"]
[Round "4.18"]
[White "Potapov, Alexey"]
[Black "Bortnyk, Olexandr"]
[Result "0-1"]
[WhiteTitle "IM"]
[BlackTitle "GM"]
[WhiteElo "2389"]
[BlackElo "2552"]
[WhiteFideId "4182138"]
[BlackFideId "14120828"]
[EventDate "2015.12.19"]

1. Nf3 d6 2. g3 e5 3. d3 g6 4. Bg2 Bg7 5. c4 f5 6. Nc3 c6 7. O-O Nf6 8. Bg5 h6
9. Bxf6 Qxf6 10. Nd2 O-O 11. Rb1 Be6 12. e3 Nd7 13. b4 e4 14. d4 c5 15. bxc5
dxc5 16. Nb5 cxd4 17. exd4 Bf7 18. d5 Rfc8 19. Na3 Qa6 20. Qb3 Nc5 21. Qe3 b6
22. Nc2 Qxa2 23. Nb4 Qa4 24. Nc6 Rxc6 25. dxc6 Qxc6 26. f3 Rd8 27. Kh1 Rd3 28.
Qe2 e3 29. f4 Qd6 30. Nf3 Bxc4 31. Rfc1 Rc3 32. Qd1 Nd3 33. Kg1 Rxc1 34. Rxc1 e2
35. Qxe2 Qc5+ 36. Kh1 Nxc1 37. Qe8+ Kh7 0-1

[Event "European Rapid 2015"]
[Site "Minsk BLR"]
[Date "2015.12.19"]
[Round "4.19"]
[White "Sakaev, Konstantin"]
[Black "Kalinin, Michail Borisovich"]
[Result "1-0"]
[WhiteTitle "GM"]
[WhiteElo "2594"]
[BlackElo "2380"]
[WhiteFideId "4104226"]
[BlackFideId "4144104"]
[EventDate "2015.12.19"]

1. Nf3 d5 2. g3 b6 3. Bg2 Bb7 4. O-O a6 5. d4 Nf6 6. b3 e6 7. c4 c5 8. cxd5 Bxd5
9. Nc3 Bb7 10. dxc5 Qxd1 11. Rxd1 Bxc5 12. Na4 Nbd7 13. Nxc5 Nxc5 14. Be3 Rc8
15. Rac1 Ke7 16. Ne5 Bxg2 17. Kxg2 a5 18. Nc4 Nd5 19. Rxd5 exd5 20. Nxb6 Rc6 21.
Rxc5 Rxc5 22. Bxc5+ Ke6 23. Kf3 g5 24. Ke3 h5 25. Bd4 Rh6 26. h3 f5 27. f4 gxf4+
28. gxf4 Rg6 29. Kf3 Rg8 30. Na4 Kd6 31. Nc3 Kc6 32. a4 Kd6 33. Nb5+ Ke6 34. Be5
h4 35. Nd4+ Kf7 36. Nxf5 Rg1 37. Kf2 Rh1 38. Kg2 Re1 39. Nd4 Kg6 40. f5+ Kf7 41.
Kf2 Rh1 42. Nf3 Ke8 43. Ng1 1-0